000 00968nam a2200265 i 4500
003 IT-RoINE
005 20201119134301.0
008 810424s1955 it |r 001 0cita d
040 _aDLC
_cNNU IT-RoINE
_dIT-RoINE
100 1 _aMorelli, Emilia,
_d1913-1995
_96804
245 0 0 _aTre profili :
_bBenedetto XIV, Pasquale Stanislao Mancini, Pietro Roselli /
_cEmilia Morelli.
260 _aRoma :
_bEdizioni dell'Ateneo,
_c1955.
300 _a162 p. ;
_c25 cm.
336 _2rdacontent
_atext
337 _2rdamedia
_aunmediated
338 _2rdacarrier
_avolume
490 1 0 _aQuaderni del Risorgimento ;
_v9
500 _aIncluye índice.
504 _aIncluye referencias bibliográficas en notas.
600 0 0 _aBenedicto
_bXIV,
_cPapa,
_d1675-1758
_xBiografía
_96805
600 1 0 _aMancini, Pasquale Stanislao,
_d1817-1888
_xBiografía
_96806
600 1 0 _aRoselli, Pietro,
_d1808-1885
_xBiografía
_96807
830 0 _aQuaderni del Risorgimento ;
_96808
_v9
942 _cMTS
999 _c3379
_d3379